[Event "XL C.to Italiano"]
[Site "Napoli ITA"]
[Date "1981.03.??"]
[Round "6"]
[White "Toth, Bela"]
[Black "Tatai, Stefano"]
[Result "1-0"]
[WhiteElo "2420"]
[BlackElo "2420"]
[PlyCount "117"]
[EventDate "1981.03.14"]

1. d4 Nf6 2. c4 e6 3. Nc3 Bb4 4. e3 c5 5. Bd3 Nc6 6. Nf3 Bxc3+ 7. bxc3 d6 8. e4
e5 9. d5 Ne7 10. Nh4 h6 11. f4 Ng6 12. Nxg6 fxg6 13. O-O O-O 14. f5 b5 15. g4
bxc4 16. Bc2 Qa5 17. Qf3 Rb8 18. Rf2 Bd7 19. Rg2 g5 20. h4 Nh7 21. hxg5 Nxg5
22. Bxg5 hxg5 23. Rh2 Qd8 24. Rf1 Qf6 25. Bd1 Kf7 26. Qh1 Ke7 27. Be2 Bb5 28.
Rb1 Rb6 29. Kg2 Rfb8 30. Rh8 Rxh8 31. Qxh8 Be8 32. Rh1 Qf8 33. Qh7 Rb2 34. Kf2
Kf6 35. Ke3 Bf7 36. Bxc4 Qd8 37. Qh8 Qg8 38. Rh6+ Ke7 39. f6+ Kf8 40. Qxg7+
Qxg7 41. fxg7+ Kxg7 42. Rxd6 Rc2 43. Kd3 Rg2 44. Rd8 Rxg4 45. Bb5 Bg6 46. d6
Bxe4+ 47. Ke3 Bf5 48. d7 Re4+ 49. Kd2 Bxd7 50. Rxd7+ Kf6 51. Rxa7 Rh4 52. Ra6+
Kf5 53. Bd7+ Kf4 54. Rf6+ Kg3 55. Rf5 g4 56. Rxe5 Kf4 57. Rxc5 Rh2+ 58. Kd3 g3
59. Rf5+ 1-0

[Event "XL C.to Italiano"]
[Site "Napoli ITA"]
[Date "1981.03.??"]
[Round "6"]
[White "Trabattoni, Franco"]
[Black "Pantaleoni, Claudio"]
[Result "1-0"]
[WhiteElo "2330"]
[BlackElo "2190"]
[PlyCount "63"]
[EventDate "1981.03.14"]

1. e4 c5 2. Nf3 Nc6 3. d4 cxd4 4. Nxd4 g6 5. Nc3 Bg7 6. Be3 Nf6 7. Bc4 O-O 8.
Bb3 d6 9. h3 Bd7 10. O-O a6 11. Re1 b5 12. Nxc6 Bxc6 13. Nd5 Nd7 14. Bd4 Nc5
15. Bxg7 Kxg7 16. Qd4+ f6 17. f3 Be8 18. Rad1 Bf7 19. Ne3 Ne6 20. Qd2 Qb6 21.
Kh1 Qc5 22. Nd5 Ra7 23. f4 Nd8 24. Ne3 Ne6 25. Ng4 Qh5 26. Qf2 Raa8 27. e5 f5
28. Nf6 Qh6 29. Nd7 Rfe8 30. exd6 Qxf4 31. Qxf4 Nxf4 32. Nb6 1-0

[Event "XL C.to Italiano"]
[Site "Napoli ITA"]
[Date "1981.03.??"]
[Round "7"]
[White "Bonfa', Ileano"]
[Black "Sanna, Gianlazzaro"]
[Result "0-1"]
[WhiteElo "2240"]
[BlackElo "2335"]
[PlyCount "54"]
[EventDate "1981.03.14"]

1. e4 d6 2. d4 Nf6 3. Nc3 g6 4. h3 Bg7 5. Nf3 O-O 6. Be2 c6 7. a4 Nbd7 8. O-O
Qc7 9. b3 c5 10. Bb2 b6 11. Re1 cxd4 12. Nxd4 Bb7 13. Bc4 Rac8 14. Ndb5 Qb8 15.
Nd5 Rfe8 16. Nxf6+ Nxf6 17. e5 Ne4 18. exd6 Bxb2 19. d7 Qf4 20. f3 Ng5 21.
dxe8=Q+ Rxe8 22. Bd5 Bxa1 23. Bxb7 Be5 24. Qc1 Qh2+ 25. Kf1 Bg3 26. f4 Nxh3 27.
Qe3 Qh1+ 0-1

[Event "XL C.to Italiano"]
[Site "Napoli ITA"]
[Date "1981.03.??"]
[Round "7"]
[White "Bruno, Fabio"]
[Black "Toth, Bela"]
[Result "0-1"]
[WhiteElo "2265"]
[BlackElo "2420"]
[PlyCount "52"]
[EventDate "1981.03.14"]

1. Nf3 c5 2. b3 d5 3. e3 Nf6 4. Bb2 e6 5. c4 Nc6 6. cxd5 Nxd5 7. Be2 Bd7 8. O-O
Rc8 9. d3 Nf6 10. Nbd2 Be7 11. Rc1 O-O 12. a3 b6 13. Rc2 Nd5 14. Qa1 f6 15.
Rfc1 e5 16. d4 exd4 17. exd4 Bf5 18. Rc4 Na5 19. Ra4 Bd7 20. Ba6 Rc7 21. Rxa5
bxa5 22. Nc4 Bg4 23. Nxa5 Bxf3 24. gxf3 Nf4 25. d5 Qe8 26. Kh1 Qh5 0-1

[Event "XL C.to Italiano"]
[Site "Napoli ITA"]
[Date "1981.03.??"]
[Round "7"]
[White "Cocchi, Andrea"]
[Black "Martorelli, Antonio"]
[Result "1-0"]
[WhiteElo "2245"]
[BlackElo "2320"]
[PlyCount "121"]
[EventDate "1981.03.14"]

1. e4 c5 2. c4 Nc6 3. Nc3 g6 4. g3 Bg7 5. Bg2 Nf6 6. Nge2 O-O 7. O-O Ne8 8. d3
Nc7 9. Rb1 a6 10. Be3 Ne6 11. a3 b5 12. b4 bxc4 13. dxc4 Ne5 14. Qb3 Rb8 15.
Nd5 Nc6 16. Qd3 d6 17. f4 Bd7 18. Rfd1 Ned4 19. bxc5 Rxb1 20. Rxb1 dxc5 21.
Nec3 Bc8 22. Kh1 Qa5 23. Ne2 Nxe2 24. Qxe2 Qxa3 25. e5 Qa5 26. Qf2 Bf5 27. Rb7
Nd4 28. Bxd4 cxd4 29. Nxe7+ Kh8 30. Qxd4 Be6 31. Nd5 Rc8 32. Rb1 Bf8 33. Rc1
Qa3 34. Qc3 Qc5 35. Qd2 a5 36. h3 a4 37. Qa2 a3 38. Kh2 Rb8 39. Rc2 Qd4 40. Rd2
Rb2 41. Qxa3 Bxa3 42. Rxd4 Bc5 43. Rd1 Rc2 44. Rb1 h5 45. Rb8+ Kg7 46. Nf6 Rxc4
47. Rg8+ Kh6 48. Rh8+ Kg7 49. Rh7+ Kf8 50. Rh8+ Kg7 51. Rh7+ Kf8 52. g4 hxg4
53. hxg4 Ke7 54. Rh8 Bd7 55. Rb8 Rc2 56. Rb7 Kf8 57. Nxd7+ Kg7 58. Nxc5 Rxc5
59. e6 Kf6 60. e7 Rc8 61. Bc6 1-0

[Event "XL C.to Italiano"]
[Site "Napoli ITA"]
[Date "1981.03.??"]
[Round "7"]
[White "Iannaccone, Ernesto"]
[Black "Arlandi, Ennio"]
[Result "1/2-1/2"]
[WhiteElo "2270"]
[BlackElo "2365"]
[PlyCount "35"]
[EventDate "1981.03.14"]

1. e4 c5 2. Nf3 Nc6 3. Bb5 Nf6 4. Nc3 Nd4 5. e5 Nxb5 6. Nxb5 Nd5 7. Ng5 f5 8.
O-O a6 9. Nc3 Nxc3 10. dxc3 e6 11. c4 Qc7 12. Re1 b6 13. Qf3 Bb7 14. Qg3 h6 15.
Nh7 O-O-O 16. Nxf8 Rdxf8 17. Qg6 Qd8 18. Bd2 1/2-1/2

[Event "XL C.to Italiano"]
[Site "Napoli ITA"]
[Date "1981.03.??"]
[Round "7"]
[White "Ianniello, Riccardo"]
[Black "Messa, Roberto"]
[Result "0-1"]
[WhiteElo "2285"]
[BlackElo "2300"]
[PlyCount "94"]
[EventDate "1981.03.14"]

1. e4 e6 2. Nf3 d5 3. exd5 exd5 4. d4 Bd6 5. Bd3 Ne7 6. O-O O-O 7. Bg5 Bg4 8.
h3 Bh5 9. Bh4 f6 10. c3 Nd7 11. Nbd2 Re8 12. Qc2 Nf8 13. Rae1 c6 14. Bg3 Bxg3
15. fxg3 Qd6 16. g4 Bg6 17. g5 fxg5 18. Nxg5 Qg3 19. Ndf3 Bxd3 20. Qxd3 Neg6
21. Qf5 Nf4 22. Rf2 Rxe1+ 23. Nxe1 N8g6 24. Qf7+ Kh8 25. Qf5 Rf8 26. Qg4 Nxh3+
27. Qxh3 Qxf2+ 28. Kh2 Qf4+ 29. Qg3 Re8 30. Ngf3 Re2 31. Nd3 Qxg3+ 32. Kxg3 a5
33. a3 h5 34. Nfe1 Ne7 35. Kf3 Re4 36. Nc2 g5 37. Nc5 Rf4+ 38. Ke2 b6 39. Nd7
b5 40. Ne5 h4 41. Ne1 Re4+ 42. Kf2 g4 43. N1d3 h3 44. gxh3 gxh3 45. Kg3 Re3+
46. Kh2 Nf5 47. Nf4 Nh6 0-1

[Event "XL C.to Italiano"]
[Site "Napoli ITA"]
[Date "1981.03.??"]
[Round "7"]
[White "Pantaleoni, Claudio"]
[Black "Rupeni, Franco"]
[Result "0-1"]
[WhiteElo "2190"]
[BlackElo "2205"]
[PlyCount "98"]
[EventDate "1981.03.14"]

1. d4 Nf6 2. c4 c5 3. d5 e6 4. Nc3 exd5 5. cxd5 d6 6. Nf3 g6 7. e4 Bg7 8. Bg5
O-O 9. Nd2 a6 10. a4 Re8 11. Be2 Nbd7 12. O-O Qc7 13. Qc2 b6 14. Kh1 Bb7 15.
Nc4 Ne5 16. Ne3 Rac8 17. f4 Ned7 18. Nc4 Qb8 19. Bf3 Ba8 20. Rae1 b5 21. axb5
axb5 22. Nxb5 Qxb5 23. Nxd6 Qb8 24. Nxe8 Nxe8 25. Bg4 Rc7 26. Bxd7 Rxd7 27.
Qxc5 Rc7 28. Qf2 Rb7 29. Re2 h6 30. Bh4 Bxb2 31. Bg3 Bg7 32. f5 Qd8 33. fxg6
fxg6 34. Qc5 Nf6 35. Rc1 Re7 36. Qc8 Re8 37. Qxd8 Rxd8 38. Rec2 Bb7 39. Rc7 Ba6
40. Ra7 Bd3 41. Rcc7 Nh5 42. Re7 Rf8 43. h4 Nxg3+ 44. Kh2 Nf1+ 45. Kh1 Bf6 46.
Re6 Bxe4 47. d6 Bf5 48. Re1 Ng3+ 49. Kh2 Ne4 0-1

[Event "XL C.to Italiano"]
[Site "Napoli ITA"]
[Date "1981.03.??"]
[Round "7"]
[White "Passerotti, Pierluigi"]
[Black "Sartori, Spartaco"]
[Result "1/2-1/2"]
[WhiteElo "2320"]
[BlackElo "2275"]
[PlyCount "82"]
[EventDate "1981.03.14"]

1. e4 e6 2. d3 d5 3. Nd2 Nf6 4. Ngf3 Nc6 5. e5 Nd7 6. d4 f6 7. exf6 Qxf6 8. Nb3
e5 9. dxe5 Ndxe5 10. Qxd5 Be6 11. Qe4 Nxf3+ 12. Qxf3 Qxf3 13. gxf3 O-O-O 14. c3
Bd5 15. Be2 Ne5 16. Nd2 Bd6 17. h4 Rhf8 18. Rh3 Rde8 19. Kf1 Ng6 20. Ne4 Bxe4
21. fxe4 Rxe4 22. h5 Bc5 23. Bf3 Nf4 24. Rh4 Rc4 25. Bd2 Bd6 26. Rd1 Ra4 27. a3
Ra5 28. Be3 Be5 29. Bg4+ Kb8 30. Bf5 Nd5 31. Re4 Rxf5 32. b4 c6 33. bxa5 Nxc3
34. Rxe5 Rxe5 35. Bf4 Nxd1 36. Bxe5+ Kc8 37. Bd4 c5 38. Bxc5 Nb2 39. Bd4 Nc4
40. Bxg7 Nxa5 41. Bd4 b6 1/2-1/2

[Event "XL C.to Italiano"]
[Site "Napoli ITA"]
[Date "1981.03.??"]
[Round "7"]
[White "Tatai, Stefano"]
[Black "Ceschia, Ivano"]
[Result "1-0"]
[WhiteElo "2420"]
[BlackElo "2280"]
[PlyCount "107"]
[EventDate "1981.03.14"]

1. d4 Nf6 2. c4 g6 3. Nc3 Bg7 4. e4 O-O 5. h3 d6 6. Bd3 Nc6 7. d5 Nd4 8. Be3 c5
9. dxc6 Nxc6 10. Nf3 Nd7 11. Rc1 Nde5 12. Be2 Nxf3+ 13. Bxf3 Qa5 14. Qd2 Bxc3
15. Qxc3 Qxc3+ 16. Rxc3 Be6 17. Be2 Rfc8 18. Kd2 b6 19. a3 Na5 20. b3 Rc7 21.
Rb1 Rac8 22. a4 Nb7 23. f3 Na5 24. Rbc1 Kf8 25. Kc2 Ke8 26. Kb2 Kf8 27. g4 f6
28. h4 Kg7 29. Bd2 Bf7 30. g5 f5 31. exf5 gxf5 32. f4 e5 33. Rd3 d5 34. cxd5
Rxc1 35. Bxc1 e4 36. Rd1 Rd8 37. b4 Nb7 38. Bc4 Nd6 39. Bb3 Rc8 40. Bd2 Kf8 41.
Rc1 Rxc1 42. Bxc1 b5 43. axb5 Nxb5 44. Be3 a6 45. Bc5+ Ke8 46. d6 Bxb3 47. Kxb3
e3 48. Kc2 e2 49. Kd2 Nc3 50. h5 Ne4+ 51. Ke1 Kd7 52. h6 Ke6 53. g6 Nf6 54. Bd4
1-0

[Event "XL C.to Italiano"]
[Site "Napoli ITA"]
[Date "1981.03.??"]
[Round "7"]
[White "Trabattoni, Franco"]
[Black "Taruffi, Daniele"]
[Result "1-0"]
[WhiteElo "2330"]
[BlackElo "2325"]
[PlyCount "81"]
[EventDate "1981.03.14"]

1. e4 c6 2. c4 d5 3. exd5 Nf6 4. Nf3 cxd5 5. cxd5 g6 6. Bb5+ Bd7 7. Bc4 b5 8.
Bb3 Bg7 9. O-O O-O 10. Re1 Na6 11. d4 Nc7 12. Bg5 Ncxd5 13. Nbd2 Rc8 14. Qe2
Bc6 15. Ne5 Nb4 16. a3 Nbd5 17. Nxc6 Rxc6 18. Qxb5 Rb6 19. Qd3 e6 20. Rab1 Qb8
21. Bxd5 Nxd5 22. b4 Rc8 23. Rbc1 Rbc6 24. Rc5 Rxc5 25. dxc5 a5 26. Rb1 axb4
27. axb4 Qe5 28. Nf3 Qc3 29. Qxc3 Bxc3 30. Bd2 Bxd2 31. Nxd2 Rb8 32. b5 Nc3 33.
Rb3 Ne2+ 34. Kf1 Nd4 35. Rb4 e5 36. b6 Kf8 37. Nc4 f6 38. Na5 Ke7 39. c6 Ra8
40. b7 Rxa5 41. Rxd4 1-0

[Event "XL C.to Italiano"]
[Site "Napoli ITA"]
[Date "1981.03.??"]
[Round "7"]
[White "Vallifuoco, Giacomo"]
[Black "Sibilio, Mario"]
[Result "1/2-1/2"]
[WhiteElo "2270"]
[BlackElo "2440"]
[PlyCount "24"]
[EventDate "1981.03.14"]

1. d4 g6 2. c4 Bg7 3. e4 d6 4. Nc3 e5 5. dxe5 dxe5 6. Qxd8+ Kxd8 7. f4 Nd7 8.
Nf3 c6 9. fxe5 Nxe5 10. Bg5+ Kc7 11. O-O-O Bg4 12. Be2 Bxf3 1/2-1/2

[Event "XL C.to Italiano"]
[Site "Napoli ITA"]
[Date "1981.03.??"]
[Round "8"]
[White "Arlandi, Ennio"]
[Black "Bruno, Fabio"]
[Result "0-1"]
[WhiteElo "2365"]
[BlackElo "2265"]
[PlyCount "114"]
[EventDate "1981.03.14"]

1. d4 Nf6 2. c4 e6 3. Nf3 b6 4. Bf4 Bb7 5. e3 Be7 6. h3 O-O 7. Nc3 d6 8. Bd3
Nbd7 9. e4 c5 10. d5 e5 11. Bh2 g6 12. Qc2 Nh5 13. Ne2 Ng7 14. g4 a6 15. a3 Rc8
16. Nc3 b5 17. Nd2 Bg5 18. cxb5 Bxd2+ 19. Qxd2 c4 20. bxa6 Bxa6 21. Bc2 Rb8 22.
Rb1 f5 23. gxf5 gxf5 24. exf5 Nxf5 25. Rg1+ Kh8 26. Bxf5 Rxf5 27. Qh6 Qf8 28.
Qxf8+ Rbxf8 29. Ne4 c3 30. bxc3 Bd3 31. Rb4 Bxe4 32. Rxe4 Rxf2 33. Re2 R2f3 34.
Rg3 Nb6 35. Rxf3 Rxf3 36. Bg1 Nxd5 37. c4 Nf4 38. Re3 Ng2+ 39. Ke2 Nxe3 40.
Kxf3 Nxc4 41. Ke4 Nxa3 42. Kd5 Nc2 43. Bb6 Kg7 44. Bc7 Kf6 45. Bxd6 Ne3+ 46.
Ke4 Nc4 47. Bb4 Ke6 48. h4 h5 49. Bc5 Nd6+ 50. Kf3 Nf5 51. Bf2 Kd5 52. Be1 Kd4
53. Bf2+ Kd3 54. Be1 Nd4+ 55. Kf2 Ke4 56. Ba5 Nf5 57. Bd8 Kd3 0-1

[Event "XL C.to Italiano"]
[Site "Napoli ITA"]
[Date "1981.03.??"]
[Round "8"]
[White "Martorelli, Antonio"]
[Black "Ceschia, Ivano"]
[Result "0-1"]
[WhiteElo "2320"]
[BlackElo "2280"]
[PlyCount "62"]
[EventDate "1981.03.14"]

1. c4 g6 2. Nc3 Bg7 3. e4 e5 4. Nf3 Nc6 5. g3 d6 6. Bg2 Nge7 7. d3 O-O 8. Be3
f5 9. Qd2 Nd4 10. h4 fxe4 11. Ng5 Nf3+ 12. Bxf3 exf3 13. d4 h6 14. Nge4 Nf5 15.
dxe5 dxe5 16. Bc5 Qxd2+ 17. Nxd2 Rf7 18. O-O-O b6 19. Ba3 Nd4 20. Rde1 Bb7 21.
Nde4 Rd8 22. b3 Ne2+ 23. Kc2 Rd4 24. Nd2 Rfd7 25. Rd1 e4 26. Bb2 e3 27. fxe3
Rxd2+ 28. Rxd2 Rxd2+ 29. Kxd2 Nxg3 30. Rg1 f2 31. Rxg3 f1=N+ 0-1

[Event "XL C.to Italiano"]
[Site "Napoli ITA"]
[Date "1981.03.??"]
[Round "8"]
[White "Messa, Roberto"]
[Black "Sartori, Spartaco"]
[Result "1-0"]
[WhiteElo "2300"]
[BlackElo "2275"]
[PlyCount "33"]
[EventDate "1981.03.14"]

1. e4 e6 2. d4 d5 3. exd5 exd5 4. c4 Nf6 5. Nc3 Be7 6. cxd5 O-O 7. Bd3 Nbd7 8.
Nge2 Nb6 9. Nf4 h6 10. Qb3 Qd6 11. O-O Qb4 12. Qd1 Qd6 13. Re1 Re8 14. Bc2 Bd7
15. Qd3 Bf8 16. Bd2 Rad8 17. Nh5 1-0

[Event "XL C.to Italiano"]
[Site "Napoli ITA"]
[Date "1981.03.??"]
[Round "8"]
[White "Pantaleoni, Claudio"]
[Black "Ianniello, Riccardo"]
[Result "1/2-1/2"]
[WhiteElo "2190"]
[BlackElo "2285"]
[PlyCount "23"]
[EventDate "1981.03.14"]

1. e4 e5 2. f4 Nc6 3. Nf3 d6 4. Bb5 Bd7 5. Nc3 Nd4 6. Bxd7+ Qxd7 7. fxe5 Nxf3+
8. Qxf3 dxe5 9. O-O Bc5+ 10. Kh1 f6 11. d3 O-O-O 12. Qf5 1/2-1/2

[Event "XL C.to Italiano"]
[Site "Napoli ITA"]
[Date "1981.03.??"]
[Round "8"]
[White "Rupeni, Franco"]
[Black "Bonfa', Ileano"]
[Result "1/2-1/2"]
[WhiteElo "2205"]
[BlackElo "2240"]
[PlyCount "80"]
[EventDate "1981.03.14"]

1. e4 c5 2. Nf3 g6 3. c3 Bg7 4. d4 Qa5 5. Nbd2 cxd4 6. Nc4 Qc7 7. cxd4 Nf6 8.
e5 Nd5 9. Be2 b5 10. Ne3 Bb7 11. O-O a6 12. Nxd5 Bxd5 13. Bf4 Qb7 14. Qd2 Nc6
15. Ne1 Nd8 16. Bh6 Ne6 17. Bxg7 Nxg7 18. Bf3 O-O 19. Bxd5 Qxd5 20. Nf3 Rfc8
21. b3 Rc6 22. Rac1 Rac8 23. Rxc6 Qxc6 24. d5 Qc3 25. Qf4 Rc5 26. Ng5 Nf5 27.
e6 fxe6 28. Ne4 e5 29. Qg5 Qd4 30. Nxc5 Qxc5 31. Rd1 Qd6 32. Qg4 Qa3 33. Qe2 d6
34. h3 Nd4 35. Qd2 Qc5 36. Qg5 Qxd5 37. Kh1 Qb7 38. Qg4 Qc7 39. Qg5 Ne6 40. Qg4
Nf4 1/2-1/2

[Event "XL C.to Italiano"]
[Site "Napoli ITA"]
[Date "1981.03.??"]
[Round "8"]
[White "Sanna, Gianlazzaro"]
[Black "Cocchi, Andrea"]
[Result "1-0"]
[WhiteElo "2335"]
[BlackElo "2245"]
[PlyCount "81"]
[EventDate "1981.03.14"]

1. c4 c5 2. Nc3 g6 3. g3 Bg7 4. Bg2 Nc6 5. e3 d6 6. Nge2 e5 7. O-O Nge7 8. d3
a6 9. a3 Rb8 10. Nd5 b5 11. cxb5 axb5 12. b4 Nxd5 13. Bxd5 Qb6 14. Bb2 Bh3 15.
Re1 O-O 16. Qd2 Rfc8 17. Rec1 Ne7 18. Bh1 Be6 19. Nc3 d5 20. bxc5 Rxc5 21. Ne2
Rxc1+ 22. Rxc1 Rc8 23. Rxc8+ Nxc8 24. Qb4 Bf8 25. Qc3 f6 26. Bxd5 Bxd5 27. Qxc8
b4 28. axb4 Qxb4 29. Nc3 Bf7 30. Bc1 Qd6 31. e4 Kg7 32. Nd5 Bxd5 33. exd5 Qxd5
34. Bh6+ Kxh6 35. Qxf8+ Kg5 36. h4+ Kg4 37. Qc8+ f5 38. Qc4+ Qd4 39. Kg2 f4 40.
f3+ Kh5 41. Qf7 1-0

[Event "XL C.to Italiano"]
[Site "Napoli ITA"]
[Date "1981.03.??"]
[Round "8"]
[White "Sibilio, Mario"]
[Black "Iannaccone, Ernesto"]
[Result "1-0"]
[WhiteElo "2440"]
[BlackElo "2270"]
[PlyCount "71"]
[EventDate "1981.03.14"]

1. b3 e5 2. Bb2 Nc6 3. e3 Nf6 4. Bb5 d6 5. Ne2 Bd7 6. O-O Be7 7. c4 O-O 8. Nbc3
Re8 9. Bxc6 Bxc6 10. d4 Bf8 11. dxe5 dxe5 12. Qc2 a6 13. Rfd1 Qc8 14. Ng3 g6
15. Nd5 Bg7 16. Rac1 h5 17. h3 Bd7 18. Ba3 Kh8 19. Qd3 Nxd5 20. cxd5 Qd8 21. d6
cxd6 22. Ne4 Bc6 23. Nxd6 Qh4 24. Nxe8 Rxe8 25. Rxc6 bxc6 26. Qd7 Rg8 27. Qxf7
Qf6 28. Qxf6 Bxf6 29. Bb2 Rc8 30. Rd6 Kg7 31. f4 Kf7 32. fxe5 Be7 33. e6+ Ke8
34. Rd7 c5 35. Ra7 Rc6 36. Ra8+ 1-0

[Event "XL C.to Italiano"]
[Site "Napoli ITA"]
[Date "1981.03.??"]
[Round "8"]
[White "Tatai, Stefano"]
[Black "Vallifuoco, Giacomo"]
[Result "1-0"]
[WhiteElo "2420"]
[BlackElo "2270"]
[PlyCount "79"]
[EventDate "1981.03.14"]

1. d4 Nf6 2. c4 e6 3. Nc3 Bb4 4. e3 c5 5. Nge2 cxd4 6. exd4 d5 7. c5 Ne4 8. Bd2
Nxd2 9. Qxd2 b6 10. a3 Bxc3 11. Nxc3 bxc5 12. Bb5+ Nd7 13. dxc5 O-O 14. b4 Nf6
15. O-O Rb8 16. Qd4 a6 17. Bd3 Re8 18. Rfe1 Qc7 19. Re2 Bb7 20. Rae1 Rbd8 21.
Bc2 Ne4 22. Na4 e5 23. Qb2 f6 24. Nb6 Ng5 25. f4 Nf7 26. fxe5 fxe5 27. Bb3 Re6
28. Qa2 Rxb6 29. cxb6 Qxb6+ 30. Kh1 e4 31. Rd1 Qe6 32. Red2 e3 33. Rd3 Re8 34.
Qe2 Qe5 35. Bxd5 Bxd5 36. Rxd5 Qe6 37. R5d3 Nh6 38. Rd8 Nf5 39. Rxe8+ Qxe8 40.
Qc4+ 1-0

[Event "XL C.to Italiano"]
[Site "Napoli ITA"]
[Date "1981.03.??"]
[Round "8"]
[White "Taruffi, Daniele"]
[Black "Passerotti, Pierluigi"]
[Result "1-0"]
[WhiteElo "2325"]
[BlackElo "2320"]
[PlyCount "77"]
[EventDate "1981.03.14"]

1. e4 e6 2. Qe2 c5 3. Nf3 Nc6 4. g3 g6 5. d3 Bg7 6. h4 h5 7. Bh3 d6 8. c3 b6 9.
O-O Bb7 10. Na3 Qe7 11. Bg5 f6 12. Bf4 Nh6 13. d4 O-O 14. Rad1 Nf7 15. Bc1 Rfe8
16. Rfe1 cxd4 17. cxd4 Nb4 18. b3 d5 19. exd5 Bxd5 20. Bg2 Qb7 21. Bd2 Bf8 22.
Bc3 Rac8 23. Rc1 a5 24. Nc4 Nd6 25. Ne3 Be4 26. Bxb4 axb4 27. Nd2 Bxg2 28. Nxg2
e5 29. dxe5 Rxe5 30. Qd3 Rxe1+ 31. Rxe1 Qf7 32. Nf4 Kg7 33. Re6 Rc1+ 34. Kh2
Nf5 35. Ne4 Qb7 36. Rxf6 Re1 37. Rxg6+ Kh8 38. Qd8 Qe7 39. Nf6 1-0

[Event "XL C.to Italiano"]
[Site "Napoli ITA"]
[Date "1981.03.??"]
[Round "8"]
[White "Toth, Bela"]
[Black "Trabattoni, Franco"]
[Result "1-0"]
[WhiteElo "2420"]
[BlackElo "2330"]
[PlyCount "135"]
[EventDate "1981.03.14"]

1. d4 Nf6 2. c4 e6 3. Nf3 b6 4. g3 Bb7 5. Bg2 Be7 6. O-O O-O 7. d5 exd5 8. Nh4
c6 9. cxd5 Nxd5 10. Nf5 Nc7 11. Nc3 d6 12. Bf4 Ne8 13. e4 Nd7 14. Qe2 Ne5 15.
Bxe5 dxe5 16. Rfd1 Qc7 17. Rac1 Bf6 18. Nd5 Qb8 19. Nfe7+ Bxe7 20. Nxe7+ Kh8
21. Nxc6 Bxc6 22. Rxc6 Qb7 23. Qc4 Qe7 24. Bf1 Rd8 25. Rxd8 Qxd8 26. Rc8 Qe7
27. Qa6 h6 28. Ra8 Nf6 29. Qxa7 Qxa7 30. Rxa7 Nxe4 31. Bg2 Nd2 32. Bd5 f5 33.
f3 Kh7 34. Kf2 Rd8 35. Be6 Kg6 36. Rd7 Rxd7 37. Bxd7 Nc4 38. b3 Nd6 39. Ke3 Kf6
40. a4 Ke7 41. Bc6 Nc8 42. Kd3 Kd6 43. Bb7 Ne7 44. Kc4 g5 45. b4 h5 46. a5 bxa5
47. bxa5 Kc7 48. Ba8 g4 49. fxg4 hxg4 50. Bg2 f4 51. Be4 f3 52. Kd3 Ng8 53. Ke3
Nf6 54. Bxf3 gxf3 55. Kxf3 Kc6 56. h3 Kb5 57. g4 Kxa5 58. g5 Nh5 59. Ke4 Kb6
60. Kxe5 Kc6 61. Ke6 Kc5 62. h4 Kd4 63. Kf5 Kd5 64. Kg4 Ng7 65. h5 Ne6 66. h6
Nf8 67. Kf5 Kd6 68. g6 1-0

[Event "XL C.to Italiano"]
[Site "Napoli ITA"]
[Date "1981.03.??"]
[Round "9"]
[White "Arlandi, Ennio"]
[Black "Pantaleoni, Claudio"]
[Result "1-0"]
[WhiteElo "2365"]
[BlackElo "2190"]
[PlyCount "121"]
[EventDate "1981.03.14"]

1. d4 e6 2. c4 Bb4+ 3. Bd2 Qe7 4. Nf3 b6 5. g3 Bb7 6. Bg2 f5 7. O-O Nf6 8. Bg5
h6 9. Bc1 a5 10. b3 O-O 11. Bb2 Bd6 12. Nc3 Qd8 13. d5 Na6 14. Nb5 Bc5 15. Nfd4
Qe8 16. e3 Rb8 17. dxe6 Bxg2 18. Kxg2 dxe6 19. Qe2 Ne4 20. f3 Nd6 21. Nxd6 Bxd6
22. e4 Nc5 23. e5 Be7 24. a3 Qf7 25. Qf2 g5 26. b4 Nb7 27. Nc6 Ra8 28. b5 Nd8
29. Rad1 Nxc6 30. bxc6 Rad8 31. Rd7 Rc8 32. Rfd1 Rfe8 33. R1d3 Qh5 34. Kf1 Qh3+
35. Ke1 Bc5 36. Qe2 Qh5 37. Kd1 Qg6 38. Kc1 Be7 39. Kb1 Qf7 40. Ka2 Qf8 41. Rd1
Bc5 42. h4 gxh4 43. gxh4 Kh8 44. Bc1 Re7 45. Qd2 Kh7 46. Qf4 Qg7 47. Rxe7 Bxe7
48. Rd7 Kh8 49. Qxh6+ Qxh6 50. Bxh6 Bxh4 51. Kb3 Kg8 52. Ka4 Bd8 53. Kb5 Ra8
54. a4 Kh8 55. Bg7+ Kg8 56. Bf6 Bxf6 57. exf6 Ra7 58. Re7 Kf8 59. Rxe6 Kf7 60.
Re7+ Kxf6 61. Re8 1-0

[Event "XL C.to Italiano"]
[Site "Napoli ITA"]
[Date "1981.03.??"]
[Round "9"]
[White "Bruno, Fabio"]
[Black "Vallifuoco, Giacomo"]
[Result "1/2-1/2"]
[WhiteElo "2265"]
[BlackElo "2270"]
[PlyCount "90"]
[EventDate "1981.03.14"]

1. Nf3 Nf6 2. g3 d5 3. Bg2 c6 4. O-O Bf5 5. b3 h6 6. Bb2 e6 7. Re1 Nbd7 8. c4
Be7 9. d4 O-O 10. Nbd2 Ne4 11. Nxe4 Bxe4 12. Nd2 Bxg2 13. Kxg2 b5 14. e4 bxc4
15. bxc4 Bb4 16. cxd5 cxd5 17. exd5 exd5 18. Re2 Nb6 19. Nf3 Nc4 20. Qd3 Qa5
21. a3 Bd6 22. Ne5 Rac8 23. Rc2 Nxb2 24. Rxb2 a6 25. Rc2 Rxc2 26. Qxc2 Bxe5 27.
dxe5 d4 28. Qe4 Rd8 29. Rd1 Qxa3 30. Rxd4 Rxd4 31. Qxd4 Qa2 32. Qd8+ Kh7 33.
Qd3+ g6 34. Qd8 Qc2 35. Qa8 Qe2 36. Qd5 Kg7 37. Qc6 Qb5 38. Qf6+ Kg8 39. Qd6
Qb7+ 40. Kg1 Kh7 41. h4 a5 42. h5 Qb1+ 43. Kh2 gxh5 44. e6 fxe6 45. Qe7+ Kh8
1/2-1/2

[Event "XL C.to Italiano"]
[Site "Napoli ITA"]
[Date "1981.03.??"]
[Round "9"]
[White "Ianniello, Riccardo"]
[Black "Bonfa', Ileano"]
[Result "1-0"]
[WhiteElo "2285"]
[BlackElo "2240"]
[PlyCount "80"]
[EventDate "1981.03.14"]

1. e4 c5 2. Nf3 b6 3. d4 cxd4 4. Nxd4 Bb7 5. Bd3 Nc6 6. Nxc6 dxc6 7. O-O e5 8.
Qe2 Nf6 9. Nd2 Qc7 10. Nc4 b5 11. Ne3 g6 12. a4 a6 13. axb5 axb5 14. Rxa8+ Bxa8
15. Bd2 Be7 16. c4 O-O 17. f3 Rd8 18. Be1 Qd6 19. Bc2 Bb7 20. Ba5 Ra8 21. Rd1
Qe6 22. Be1 Bc5 23. cxb5 cxb5 24. Bf2 b4 25. Qb5 Qb6 26. Qxb6 Bxb6 27. Rd6 Ra1+
28. Nd1 Bxf2+ 29. Kxf2 Ra6 30. Rxa6 Bxa6 31. Ba4 Kf8 32. Ne3 Bd3 33. Ke1 Ke7
34. Kd2 Ba6 35. Nc2 Bf1 36. g4 h5 37. gxh5 Nxh5 38. Nxb4 Nf4 39. Bb3 Kf8 40.
Nd5 Nd3 1-0

[Event "XL C.to Italiano"]
[Site "Napoli ITA"]
[Date "1981.03.??"]
[Round "9"]
[White "Martorelli, Antonio"]
[Black "Messa, Roberto"]
[Result "0-1"]
[WhiteElo "2320"]
[BlackElo "2300"]
[PlyCount "82"]
[EventDate "1981.03.14"]

1. e4 e6 2. d3 d5 3. Nd2 Nf6 4. Ngf3 c5 5. g3 Nc6 6. Bg2 Be7 7. O-O b5 8. Re1
O-O 9. e5 Nd7 10. Nf1 c4 11. d4 c3 12. b3 a5 13. h4 a4 14. Rb1 axb3 15. axb3
Ra2 16. Bg5 Nb4 17. Rc1 Bb7 18. g4 Nb8 19. Ng3 N8c6 20. Re3 Rb2 21. Bf1 Bxg5
22. Nxg5 Qb6 23. Nf3 Na2 24. Ra1 Rc8 25. Nh5 Na5 26. Re1 Nc6 27. Qd3 Ncb4 28.
Qe3 Qd8 29. Qf4 Qf8 30. Ng5 Rxc2 31. Re3 Rc7 32. Bxb5 Rb2 33. Rf3 Bc8 34. Nf6+
gxf6 35. exf6 c2 36. Qxc7 Rb1+ 37. Rxb1 cxb1=Q+ 38. Kh2 Qc2 39. Qe5 Nc1 40. h5
Nxb3 41. Be8 Qxe8 0-1

[Event "XL C.to Italiano"]
[Site "Napoli ITA"]
[Date "1981.03.??"]
[Round "9"]
[White "Sanna, Gianlazzaro"]
[Black "Toth, Bela"]
[Result "1/2-1/2"]
[WhiteElo "2335"]
[BlackElo "2420"]
[PlyCount "163"]
[EventDate "1981.03.14"]

1. c4 e5 2. Nc3 Nf6 3. g3 d5 4. cxd5 Nxd5 5. Bg2 Nb6 6. Nf3 Nc6 7. O-O Be7 8.
d3 O-O 9. a3 Be6 10. b4 f5 11. Be3 Bf6 12. Rc1 Nd4 13. Nd2 c6 14. Bxd4 exd4 15.
Na4 Bf7 16. Nc5 Rb8 17. Nf3 Re8 18. Re1 Re7 19. Qc2 Nd5 20. Nb3 Qb6 21. Qc5
Nxb4 22. Qxb6 axb6 23. Nbxd4 Na2 24. Rb1 g6 25. Rxb6 Ra8 26. Nc2 Nc3 27. e3 Na4
28. Rbb1 Ba2 29. d4 Bxb1 30. Rxb1 Nc3 31. Rb3 Ne4 32. Nfe1 Ra4 33. Nd3 Rc4 34.
Ndb4 Rc3 35. Rb2 Nd2 36. a4 Nc4 37. Rb1 Na3 38. Nxa3 Rxa3 39. d5 c5 40. d6 Rd7
41. Nd5 Bd8 42. Nb6 Bxb6 43. Bd5+ Kg7 44. Rxb6 Rd3 45. Bxb7 R7xd6 46. Rb5 c4
47. Rc5 Rb3 48. Rc7+ Kf6 49. a5 c3 50. a6 Ra3 51. Rxc3 Rxc3 52. a7 Rd8 53. a8=Q
Rxa8 54. Bxa8 Ke5 55. h4 Rc2 56. Bf3 Rb2 57. Kg2 Rb1 58. Ba8 Kd6 59. Bf3 Rb4
60. Kh3 Kc5 61. g4 f4 62. exf4 Rxf4 63. Kg3 Rb4 64. g5 Kd6 65. Bg4 Ke5 66. f3
Rb3 67. Bh3 Ra3 68. Bg4 Rc3 69. Bd7 Kd4 70. Be6 Ke3 71. Bg8 Rc7 72. Bd5 Rd7 73.
Bg8 Rb7 74. Kg4 Kf2 75. f4 Ke3 76. Bxh7 Rxh7 77. f5 gxf5+ 78. Kxf5 Rxh4 79. g6
Rf4+ 80. Ke6 Rg4 81. Kf7 Rxg6 82. Kxg6 1/2-1/2